| 000 | 00420nam a2200145 i 4500 | ||
|---|---|---|---|
| 001 | 31142 | ||
| 003 | ES-MaACL | ||
| 007 | t| | ||
| 008 | 030128s1954 sp ||||1| spa d | ||
| 100 | 1 |
_aBeguer Pinyol, Manuel. _927039 |
|
| 245 | 1 | 0 |
_aTortosa Mariana / _cManuel Beguer Pinyol. |
| 260 |
_a[Tortosa : _bAlgueró y Baiges, _c1954] ( _falguer) |
||
| 300 |
_a174 p., 16 lám. ; _c23 cm. |
||
| 852 |
_aES-MaACL _jC-9933 _bR.37593 |
||
| 999 |
_c31142 _d31142 |
||